Test geograficzny#1 - Statystyki

Ogólne statystyki
  • Ten quiz został rozwiązany 45 razy
    18 od ostatniego zresetowania
  • Średni wynik to 10 z 11
Statystyki odpowiedzi
Hint Odpowiedź % Poprawnych
Ile kontynentów? 7
100%
Na jakim kontynencie leży Polska? Europa
100%
Największy kraj? Rosja
100%
Największe Polskie jezioro? Śniardwy
100%
Najmniejszy kraj? Watykan
100%
Największy ocean Spokojny
94%
Najludniejsze państwo Indie
88%
Stolica Unii Europejskiej Bruksela
81%
Największa stolica?(według populacji) Tokio
81%
Ile jest krajów na całym świecie? 195
75%
Kraje z kolorem fioletowym na fladze Nikaragua|Dominika
38%
Nie znaleziono quizów pasujących do podanych kryteriów
Rozkład punktacji
Procent ludzi z każdym wynikiem
Percentyl według liczby udzielonych odpowiedzi
Twoja historia wyników
Nie rozwiązałeś tego quizu od ostatniego zresetowania